000 01148nam a2200361 a 4500
001 ELB73955
003 FlNmELB
006 m o d |
007 cr cn|||||||||
008 201003r1998 mx |||||s|||||||||||spa d
020 _z9789701813898
035 _a(MiAaPQ)EBC3186971
035 _a(Au-PeEL)EBL3186971
035 _a(CaPaEBR)ebr10365297
035 _a(OCoLC)1010687105
040 _aFlNmELB
_bspa
_cFlNmELB
050 4 _aPQ7269
_bB541 1998
080 _a821.134.2(72)-2
082 0 4 _a862
_222
100 1 _aBerthier, Héctor.
245 1 0 _aEspejos
_h[recurso electronico] /
_cHéctor Berthier.
260 _aMéxico :
_bInstituto Politécnico Nacional,
_c1998.
300 _a168 p.
533 _aRecurso electrónico. Santa Fe, Arg.: e-libro, 2015. Disponible vía World Wide Web. El acceso puede estar limitado para las bibliotecas afiliadas a e-libro.
650 4 _aLiteratura
_zMéxico.
650 4 _aTeatro.
650 4 _aLiterature.
650 4 _aMexican drama.
653 _aMexico
655 4 _aLibros electrónicos.
710 2 _ae-libro, Corp.
856 4 0 _uhttps://elibro.net/ereader/usam/73955
999 _c141659
_d141659